| 000 | 00562nam a22001577a 4500 | ||
|---|---|---|---|
| 003 | NUST | ||
| 082 | _a629.8 | ||
| 100 |
_aAHMED ,SHEIKH ADEEL _9122420 |
||
| 245 |
_aLearning to Recognize with few Examples (Few-Shot with Meta-Learning) / _cSHEIKH ADEEL AHMED |
||
| 264 |
_aIslamabad: _bSMME- NUST. _c2021. |
||
| 300 |
_a56p. ; _bSoft Copy, _c30cm. |
||
| 650 |
_aMS Robotics and Intelligent Machine Engineering _9119486 |
||
| 700 |
_aSupervisor : DR HASAN SAJID _9121640 |
||
| 856 | _uhttp://10.250.8.41:8080/xmlui/handle/123456789/26323 | ||
| 942 |
_2ddc _cTHE |
||
| 999 |
_c608914 _d608914 |
||